Marvel Legendary - All Playable Characters - Statistics

General Stats
  • This quiz has been taken 235 times
    35 since last reset
  • The average score is 185 of 296
Answer Stats
Expansion Affiliation Character % Correct
Marvel Studios' Ant-Man and the Wasp Unaffiliated Ant Army
100%
X-Men X-Men Colossus & Wolverine
100%
Annihilation Fantastic Four Fantastic Four United
100%
Secret Wars Volume 1 Avengers Lady Thor
100%
Messiah Complex X-Factor Investigations M
100%
Secret Wars Volume 1 X-Men Old Man Logan
100%
Marvel Studios' What If ...? Guardians of the Multiverse Party Thor
100%
Spider-Man Homecoming Spider Friends Peter's Allies
100%
Secret Wars Volume 2 Avengers The Captain and the Devil
100%
Core Set Avengers Thor
100%
Marvel Studios 10th Anniversary Avengers Thor
100%
Heroes of Asgard Heroes of Asgard Thor
100%
Secret Wars Volume 1 Spider Friends Ultimate Spider-Man
100%
Weapon X Marvel Knights Weapon X (Wolverine)
100%
Core Set X-Men Wolverine
100%
Dark City X-Force Wolverine (X-Force)
100%
X-Men X-Men X-23
100%
World War Hulk Avengers Bruce Banner
96%
Marvel Studios' The Infinity Saga Avengers Bruce Banner
96%
Core Set Avengers Captain America
96%
Marvel Studios 10th Anniversary Avengers Captain America
96%
Guardians of the Galaxy Guardians of the Galaxy Gamora
96%
Marvel Studios' Guardians of the Galaxy Guardians of the Galaxy Gamora
96%
Marvel Studios' What If ...? Guardians of the Multiverse Gamora, Destroyer of Thanos
96%
World War Hulk Warbound Gladiator Hulk
96%
Spider-Man Homecoming Spider Friends High-Tech Spider-Man
96%
Core Set Avengers Hulk
96%
Marvel Studios 10th Anniversary Avengers Hulk
96%
Fantastic Four Fantastic Four Human Torch
96%
World War Hulk Crime Syndicate Joe Fix-It, Grey Hulk
96%
Civil War Avengers/Spider Friends Peter Parker
96%
Spider-Man Homecoming Spider Friends Peter Parker
96%
Marvel Studios' Guardians of the Galaxy Guardians of the Galaxy Rocket & Groot
96%
Guardians of the Galaxy Guardians of the Galaxy Rocket Raccoon
96%
Core Set Spider Friends Spider-Man
96%
2099 Spider-Friends Spider-Man 2099
96%
Noir Spider Friends Spider-Man Noir
96%
Marvel Studios' What If ...? Guardians of the Multiverse Star-Lord T'Challa
96%
Civil War X-Men/Avengers Storm & Black Panther
96%
Paint the Town Red Spider Friends Symbiote Spider-Man
96%
Champions Champions Totally Awesome Hulk
96%
Venom Venomverse Venom Rocket
96%
Weapon X Avengers Weapon H
96%
Secret Wars Volume 2 Spider Friends Agent Venom
93%
Core Set Unaffiliated Deadpool
93%
Deadpool Mercs for Money Deadpool
93%
Marvel Studios' Guardians of the Galaxy Guardians of the Galaxy/Unaffiliated Drax
93%
Guardians of the Galaxy Guardians of the Galaxy Drax the Destroyer
93%
2099 Marvel Knights Hulk 2099
93%
World War Hulk Avengers Hulkbuster Iron Man
93%
Fantastic Four Fantastic Four Invisible Woman
93%
Core Set Avengers Iron Man
93%
Marvel Studios 10th Anniversary Avengers Iron Man
93%
Noir Avengers Iron Man Noir
93%
Villains Foes of Asgard Loki
93%
Fantastic Four Fantastic Four Mr. Fantastic
93%
Core Set S.H.I.E.L.D. Nick Fury
93%
Marvel Studios 10th Anniversary S.H.I.E.L.D. Nick Fury
93%
Secret Wars Volume 1 Illuminati Superior Iron Man
93%
Spider-Man Homecoming Avengers Tony Stark
93%
Villains Sinister Six Venom
93%
Venom Venomverse Venom
93%
Venom Venomverse Venompool
93%
Marvel Studios' The Infinity Saga Avengers Wanda & Vision
93%
Core Set Avengers Black Widow
89%
Marvel Studios 10th Anniversary Avengers Black Widow
89%
Black Widow S.H.I.E.L.D. Black Widow
89%
Captain America 75th Anniversary Avengers Captain America (Falcon)
89%
Core Set X-Men Cyclops
89%
Civil War Avengers/Marvel Knights Daredevil
89%
Secret Wars Volume 1 Illuminati Doctor Strange
89%
Doctor Strange and the Shadows of Nightmare Avengers Doctor Strange
89%
Marvel Studios' The Infinity Saga Avengers Doctor Strange
89%
Marvel Studios' What If ...? Guardians of the Multiverse Doctor Strange Supreme
89%
Secret Wars Volume 2 Marvel Knights Dr. Punisher the Soldier Supreme
89%
Guardians of the Galaxy Guardians of the Galaxy Groot
89%
Villains Brotherhood Magneto
89%
Black Panther Heroes of Wakanda Queen Storm of Wakanda
89%
Guardians of the Galaxy Guardians of the Galaxy Star-Lord
89%
Marvel Studios' Guardians of the Galaxy Guardians of the Galaxy Star-Lord
89%
Core Set X-Men Storm
89%
Fantastic Four Fantastic Four Thing
89%
Venom Venomverse Venomized Dr. Strange
89%
Marvel Studios' What If ...? Guardians of the Multiverse Apocalyptic Black Widow
85%
Dark City X-Force Colossus
85%
Core Set Avengers Hawkeye
85%
Marvel Studios 10th Anniversary Avengers Hawkeye
85%
Marvel Studios' Ant-Man and the Wasp Unaffiliated Janet van Dyne
85%
Civil War Avengers Patriot
85%
Secret Wars Volume 2 X-Men Phoenix Force Cyclops
85%
Ant-Man Avengers Wasp
85%
Marvel Studios' Ant-Man and the Wasp Avengers Wasp
85%
Ant-Man Avengers Ant-Man
81%
Marvel Studios' Ant-Man and the Wasp Avengers Ant-Man
81%
Venom Venomverse Carnage
81%
Dark City Marvel Knights Daredevil
81%
Noir Marvel Knights Daredevil Noir
81%
Villains Sinister Six Dr. Octopus
81%
Villains Sinister Six Green Goblin
81%
Dark City X-Men Professor X
81%
Revelations Avengers Scarlet Witch
81%
Marvel Studios' Ant-Man and the Wasp Crime Syndacite Scott Lang, Cat Burglar
81%
Civil War Avengers Vision
81%
Secret Wars Volume 1 Illuminati Black Panther
78%
Marvel Studios' The Infinity Saga Avengers Black Panther
78%
Captain America 75th Anniversary Avengers Captain America 1941
78%
Civil War Avengers Captain America, Secret Avenger
78%
Villains Sinister Six Electro
78%
Black Widow Avengers Falcon & Winter Soldier
78%
Core Set X-Men Gambit
78%
Annihilation Unaffiliated Heralds of Galactus
78%
Dark City Marvel Knights Iron Fist
78%
Dark City X-Men Jean Grey
78%
Black Panther Heroes of Wakanda King Black Panther
78%
Civil War Avengers/Marvel Knights Luke Cage
78%
Paint the Town Red Marvel Knights Moon Knight
78%
Revelations Avengers Quicksilver
78%
World War Hulk S.H.I.E.L.D./Avengers/Unaffiliated Rick Jones
78%
Core Set X-Men Rogue
78%
Secret Wars Volume 2 X-Men Soulsword Colossus
78%
Captain America 75th Anniversary S.H.I.E.L.D. Steve Rogers, Director of S.H.I.E.L.D.
78%
Secret Wars Volume 1 Cabal Thanos
78%
Secret Wars Volume 2 Illuminati Beast
74%
X-Men X-Men Beast
74%
Secret Wars Volume 1 Avengers Captain Marvel
74%
Marvel Studios' The Infinity Saga Avengers Captain Marvel
74%
Revelations S.H.I.E.L.D. Captain Marvel, Agent of S.H.I.E.L.D.
74%
Into the Cosmos Avengers Captain Mar-Vell
74%
Noir Marvel Knights Luke Cage Noir
74%
Villains Brotherhood Mystique
74%
Into the Cosmos Guardians of the Galaxy Nebula
74%
Dark City X-Men Nightcrawler
74%
X-Men X-Men Phoenix
74%
Fantastic Four Unaffiliated Silver Surfer
74%
Secret Wars Volume 2 X-Men Time-Traveling Jean Grey
74%
Villains Unaffiliated Ultron
74%
Captain America 75th Anniversary Unaffiliated Winter Soldier
74%
Secret Wars Volume 1 X-Men Apocalyptic Kitty Pryde
70%
Dark City X-Force Cable
70%
Dark City X-Men Iceman
70%
X-Men X-Men Kitty Pryde
70%
World War Hulk Avengers She-Hulk
70%
Paint the Town Red Spider Friends Spider-Woman
70%
Revelations Avengers War Machine
70%
Dark City X-Men Angel
67%
Noir X-Men Angel Noir
67%
Secret Wars Volume 1 Illuminati Black Bolt
67%
Realm of Kings Inhumans Black Bolt
67%
Dark City Marvel Knights Blade
67%
Midnight Sons Marvel Knights Blade, Daywalker
67%
Marvel Studios' What If ...? Guardians of the Multiverse Captain Carter
67%
Civil War Avengers Falcon
67%
Dark City Marvel Knights Ghost Rider
67%
2099 Marvel Knights Ghost Rider 2099
67%
Dark City Marvel Knights Punisher
67%
2099 Unaffiliated Doctor Doom 2099
63%
Core Set X-Men Emma Frost
63%
Dimensions Marvel Knights Jessica Jones
63%
Villains Crime Syndicate Kingpin
63%
Heroes of Asgard Heroes of Asgard Lady Sif
63%
Marvel Studios' Guardians of the Galaxy Guardians of the Galaxy/Unaffiliated Mantis
63%
Champions Champions Ms. Marvel
63%
Secret Wars Volume 1 Cabal Namor, The Sub-Mariner
63%
X-Men X-Men Psylocke
63%
Secret Wars Volume 2 Spider Friends Spider-Gwen
63%
Dark City X-Force Domino
59%
X-Men X-Men Jubilee
59%
Champions Champions Nova
59%
Into the Cosmos Avengers Nova
59%
Black Panther Heroes of Wakanda Princess Shuri
59%
X-Men X-Men Banshee
56%
Villains Brotherhood Juggernaut
56%
Marvel Studios' What If ...? Guardians of the Multiverse Killmonger, Spec Ops
56%
Secret Wars Volume 1 X-Men Magik
56%
Villains Sinister Six Mysterio
56%
Villains Brotherhood Sabretooth
56%
Heroes of Asgard Heroes of Asgard Valkyrie
56%
Into the Cosmos Avengers Adam Warlock
52%
S.H.I.E.L.D. S.H.I.E.L.D. Agent Phil Coulson
52%
Dark City X-Men Bishop
52%
Dark City Marvel Knights Elektra
52%
Civil War Avengers/Unaffiliated Hercules
52%
World War Hulk Warbound Korg
52%
Villains Sinister Six Kraven
52%
Midnight Sons Marvel Knights Morbius
52%
Secret Wars Volume 2 Marvel Knights Shang-Chi
52%
The New Mutants X-Men Sunspot
52%
Heroes of Asgard Heroes of Asgard The Warriors Three
52%
Into the Cosmos Guardians of the Galaxy Yondu
52%
Paint the Town Red Spider Friends Black Cat
48%
Villains Crime Syndicate Bullseye
48%
Black Panther Heroes of Wakanda General Okoye
48%
X-Men X-Men Havok
48%
Realm of Kings Inhumans Medusa
48%
Revelations Avengers Ronin
48%
World War Hulk Avengers/Unaffiliated Sentry
48%
Civil War Avengers Wiccan
48%
Ant-Man Avengers Wonder Man
48%
Midnight Sons Marvel Knights Wong, Master of the Mystic Arts
48%
Captain America 75th Anniversary S.H.I.E.L.D. Agent X-13
44%
Heroes of Asgard Heroes of Asgard Beta Ray Bill
44%
Secret Wars Volume 2 Illuminati Captain Britain
44%
Civil War Avengers/Marvel Knights Cloak & Dagger
44%
Villains Foes of Asgard Enchantress
44%
Civil War Avengers Goliath
44%
Dimensions Unaffiliated Howard the Duck
44%
Dimensions Avengers Squirrel Girl
44%
Ant-Man Avengers Black Knight
41%
X-Men X-Men Cannonball
41%
Realm of Kings Inhumans Crystal
41%
Dark City X-Force Forge
41%
World War Hulk Warbound Miek the Unhived
41%
Into the Cosmos Avengers Moondragon
41%
Black Widow Unaffiliated Red Guardian
41%
Into the Cosmos Unaffiliated Ronan the Accuser
41%
Revelations Avengers Speed
41%
Doctor Strange and the Shadows of Nightmare Unaffiliated The Ancient One
41%
The New Mutants X-Men Warlock
41%
The New Mutants X-Men Wolfsbane
41%
Deadpool Hydra Bob, Agent of Hydra
37%
Secret Wars Volume 2 Cabal Corvus Glaive
37%
X-Men X-Men Dazzler
37%
Champions Champions Gwenpool
37%
Civil War Avengers Hulkling
37%
Realm of Kings Inhumans Karnak
37%
Dimensions Unaffiliated Man-Thing
37%
Dimensions Avengers Ms. America
37%
X-Men X-Men Polaris
37%
Secret Wars Volume 1 Cabal Proxima Midnight
37%
S.H.I.E.L.D. S.H.I.E.L.D. Quake
37%
Paint the Town Red Spider Friends Scarlet Spider
37%
World War Hulk Avengers Skaar, Son of Hulk
37%
Civil War New Warriors Speedball
37%
Civil War Avengers Stature
37%
Marvel Studios' What If ...? Guardians of the Multiverse Uatu, The Watcher
37%
Black Widow Marvel Knights White Tiger
37%
Black Widow S.H.I.E.L.D. Yelena Belova
37%
Marvel Studios' Ant-Man and the Wasp Avengers Cassie Lang
33%
Secret Wars Volume 1 Cabal Maximus
33%
S.H.I.E.L.D. S.H.I.E.L.D. Mockingbird
33%
Messiah Complex X-Factor Investigations Multiple Man
33%
Revelations Avengers Photon
33%
Into the Cosmos Avengers Quasar
33%
Secret Wars Volume 2 Spider Friends Silk
33%
Realm of Kings Inhumans Gorgon
30%
Spider-Man Homecoming Unaffiliated Happy Hogan
30%
Revelations Avengers Hellcat
30%
The New Mutants X-Men Mirage
30%
World War Hulk Champions Namora
30%
Civil War Avengers Tigra
30%
Champions Champions Viv Vision
30%
Messiah Complex X-Force Warpath
30%
Midnight Sons Marvel Knights Werewolf by Night
30%
World War Hulk Champions Amadeus Cho
26%
Doctor Strange and the Shadows of Nightmare Marvel Knights Clea
26%
Revelations Avengers Darkhawk
26%
Secret Wars Volume 2 S.H.I.E.L.D. Elsa Bloodstone
26%
Midnight Sons Marvel Knights Elsa Bloodstone
26%
The New Mutants X-Men Karma
26%
Secret Wars Volume 2 Cabal Black Swan
22%
World War Hulk Warbound Caiera
22%
S.H.I.E.L.D. S.H.I.E.L.D. Deathlok
22%
Ant-Man Avengers Jocasta
22%
X-Men X-Men Legion
22%
X-Men X-Men Longshot
22%
Villains: Fear Itself Foes of Asgard Nul, Breaker of Worlds
22%
Annihilation Fantastic Four Psi-Lord
22%
Villains: Fear Itself Foes of Asgard Skirn, Breaker of Men
22%
Deadpool Mercs for Money Slapstick
22%
Deadpool Mercs for Money Solo
22%
Deadpool Mercs for Money Stingray
22%
Messiah Complex X-Factor Investigations Strong Guy
22%
X-Men X-Men Aurora & Northstar
19%
Weapon X X-Force Fantomex
19%
World War Hulk Warbound Hiroim
19%
Villains: Fear Itself Foes of Asgard Kuurth, Breaker of Stone
19%
Villains: Fear Itself Foes of Asgard Nerkkod, Breaker of Oceans
19%
World War Hulk Warbound No-Name, Brood Queen
19%
Into the Cosmos Guardians of the Galaxy Phyla-Vell
19%
Secret Wars Volume 2 X-Men Ruby Summers
19%
Messiah Complex X-Force Shatterstar
19%
Villains: Fear Itself Hydra Skadi
19%
Black Panther Heroes of Wakanda White Wolf
19%
Secret Wars Volume 2 Unaffiliated Arkon the Magnificent
15%
Annihilation Fantastic Four Brainstorm
15%
Doctor Strange and the Shadows of Nightmare Avengers Doctor Voodoo
15%
Villains: Fear Itself Foes of Asgard Greithoth, Breaker of Wills
15%
Annihilation Unaffiliated Super-Skrull
15%
Weapon X X-Force Marrow
11%
Messiah Complex X-Factor Investigations Siryn
11%
2099 Marvel Knights Ravage 2099
7%
Doctor Strange and the Shadows of Nightmare Unaffiliated The Vishanti
7%
Marvel Studios' Ant-Man and the Wasp Unaffiliated Freedom Fighters
4%
Marvel Studios' Ant-Man and the Wasp Unaffiliated Jentorra
4%
Messiah Complex X-Factor Investigations Rictor
4%
Messiah Complex X-Men Stepford Cuckoos
4%
No matching quizzes found
Score Distribution
Percent of People with Each Score
Percentile by Number Answered
Your Score History
You have not taken this quiz since the last reset